000 00866nam a2200253Ia 4500
005 20240530110939.0
008 140319s2006 xx 000 0 ara d
020 _a9772418096
040 _aGCL /
_cGCL
082 0 4 _a410.148 /
_bع ا
100 1 _aعبدالله احمد جاد الكريم
245 1 0 _aالاختصار سمة العربية /
_cعبدالله احمد جاد الكريم
250 _aالاولى
260 _aالقاهرة :
_bمكتبة الاداب،
_c2006
300 _a148 ص ؛
_c24 سم
650 0 4 _aالنحو
650 0 4 _aالاختصار
650 0 4 _aالابواب النحوية
650 0 4 _aالابواب الصرفية
650 0 4 _aاللغة العربية - النحو
650 0 4 _aاللغة العربية - الصرف
942 _2ddc
_cBK
999 _c66797
_d66797